Caregiver and teacher language : responsive of restrictive? (Record no. 63693)
[ view plain ]
| 000 -CABECERA | |
|---|---|
| campo de control de longitud fija | 00584nam a2200217 a 4500 |
| 005 - FECHA Y HORA DE LA ÚLTIMA TRANSACCIÓN | |
| campo de control | 20210219152917.0 |
| 008 - ELEMENTOS DE LONGITUD FIJA--INFORMACIÓN GENERAL | |
| campo de control de longitud fija | 991125n 000 0 eng u |
| 035 ## - NÚMERO DE CONTROL DEL SISTEMA | |
| Número de control de sistema | UPN01000066847 |
| 100 ## - ASIENTO PRINCIPAL--NOMBRE PERSONAL | |
| Nombre de persona | Stone, Janet |
| 222 ## - TÍTULO CLAVE | |
| Título clave | YOUNG CHILDREN |
| 245 ## - MENCIÓN DE TÍTULO | |
| Título | Caregiver and teacher language : responsive of restrictive? |
| 300 ## - DESCRIPCIÓN FÍSICA | |
| Extensión | 12-18 |
| 362 ## - FECHAS DE PUBLICACIÓN Y/O DESIGNACIÓN SECUENCIAL | |
| Fecha de publicación y/o designación secuencial | 1993 48, No. 4 |
| 505 ## - NOTA DE CONTENIDO CON FORMATO PREESTABLECIDO | |
| Nota de contenido con formato | Septiembre 1993 |
| 653 0# - TERMINO DE INDIZACION - NO CONTROLADO | |
| Término no controlado | ACTITUDES DEL LENGUAJE |
| 653 0# - TERMINO DE INDIZACION - NO CONTROLADO | |
| Término no controlado | CUIDADOS INFANTILES |
| 653 0# - TERMINO DE INDIZACION - NO CONTROLADO | |
| Término no controlado | NI\197OS JOVENES |
| 653 0# - TERMINO DE INDIZACION - NO CONTROLADO | |
| Término no controlado | PAPEL DEL LENGUAJE |
| 904 ## - ELEMENTOS DE DATOS D LOCAL, LDD (RLIN) | |
| a | AC |
| b | 004658 |
| 905 ## - TIPO DE MATERIAL | |
| Tipo de material | Articulo |
No items available.
